000 01295nac a22003011i 4500
003 EG-ScBUE
005 20250707090607.0
008 130602s1980 enka f 001 0 eng d
020 _a0080228526
040 _aEG-ScBUE
_beng
_erda
_cEG-ScBUE
_dEG-ScBUE
082 0 4 _a540
_bSTE
_222
100 1 _aSteedman, W.,
_919734
_eauthor.
245 1 0 _aChemistry for the engineering and applied sciences /
_cby W. Steedman, B.Sc., Ph.D., C.Chem., MRIC., Senior Lecturer, Heriot-Watt University, Edinburgh, R. B. Snadden, B.Sc., Ph.D., C.Chem., MRIC., Lecturer, Heriot-Woatt University, Edinburgh, I. H. Anderson, B.Sc., Ph.D., C.Chem., FRIC, senior education officer, Scottish Council for Technical Education (SCOTEC)
250 _aSecond edition, (SI units)
264 1 _aOxford :
_bPergamon press,
_c1980.
300 _avii, 449 pages :
_billustrations ;
_c22 cm
336 _2rdacontent
_atext
_btxt
337 _aunmediated
_2rdamedia
_bn
338 _avolume
_bnc
_2rdacarrier
500 _aSecond edition of: chemistry for the applied sciences.
500 _aIncludes index.
500 _aIncludes appendix.
650 7 _aChemistry.
_933309
_2BUEsh
655 _vReading book
700 1 _aSnadden, R. B.,
_eauthor.
700 1 _aAnderson, I. H.
_q(Iain Howe),
_d1937-
_eauthor.
942 _cBB
_2ddc
999 _c16
_d16